[Event "Wch Seniors 65 28th"]
[Site "Bled"]
[Date "2018.11.20"]
[Round "3"]
[White "Berkovich, Mark A"]
[Black "Van Oosten, Arend"]
[Result "1-0"]
[WhiteElo "2339"]
[BlackElo "2137"]
[PlyCount "41"]
[EventDate "2018.11.18"]
[EventType "swiss"]
[EventRounds "11"]
[EventCountry "SLO"]
[SourceTitle "CBM 187 Extra"]
[Source "ChessBase"]
[SourceDate "2018.11.04"]
[SourceVersion "1"]
[SourceVersionDate "2018.11.04"]
[SourceQuality "1"]

1. Nf3 e6 2. g3 f5 3. Bg2 Nf6 4. 0-0 d5 5. c4 Bd6 6. Nc3 0-0 7. d3 c6 8. e4 dxe4 9. dxe4 e5 10. exf5 Bxf5 11. Qb3 Qb6 12. Be3 Qxb3 13. axb3 Bc2 14. Rfc1 Bg6 15. Nh4 Bb4 16. h3 Nbd7 17. g4 Bf7 18. Rd1 Bc5 19. g5 Bxe3 20. fxe3 Bh5 21. Rd6 1-0

[Event "EU-ch Seniors 65 17th"]
[Site "Sabadell"]
[Date "2017.08.18"]
[Round "7"]
[White "Lederman, Leon S"]
[Black "Van Oosten, Arend"]
[Result "1-0"]
[WhiteElo "2241"]
[BlackElo "2169"]
[PlyCount "91"]
[EventDate "2017.08.12"]
[EventType "swiss"]
[EventRounds "9"]
[EventCountry "ESP"]
[SourceTitle "CBM 180 Extra"]
[Source "ChessBase"]
[SourceDate "2017.10.06"]
[SourceVersion "1"]
[SourceVersionDate "2017.10.06"]
[SourceQuality "1"]

1. e4 e6 2. d4 d5 3. Nc3 Nf6 4. e5 Nfd7 5. f4 c5 6. Nf3 Nc6 7. Be3 a6 8. Qd2 b5 9. Nd1 Qb6 10. c3 Be7 11. Bd3 g6 12. 0-0 Bb7 13. g4 h5 14. h3 hxg4 15. hxg4 0-0-0 16. Kg2 cxd4 17. cxd4 Kb8 18. Nf2 Rc8 19. Rac1 b4 20. Rh1 a5 21. Nh3 Qd8 22. Nhg5 Rxh1 23. Rxh1 Bxg5 24. Nxg5 Qe7 25. Rh7 Nd8 26. Kf3 Nf8 27. Rg7 Ka7 28. Qe2 Kb6 29. Bf2 Qe8 30. Be3 Rc7 31. Qh2 Ba6 32. Bxa6 Kxa6 33. Qh8 Rc2 34. Kg3 Qb5 35. Qxf8 Qe2 36. Nh3 Qxe3+ 37. Kh4 Nc6 38. Qxf7 Kb5 39. Qxe6 Qxd4 40. Qxg6 Qxb2 41. Rb7+ Ka4 42. Rc7 Qc3 43. Qe6 Qc4 44. g5 Ka3 45. g6 Rc3 46. g7 1-0

[Event "EU-ch Seniors 65 17th"]
[Site "Sabadell"]
[Date "2017.08.16"]
[Round "5"]
[White "Van Oosten, Arend"]
[Black "Rooze, Jan"]
[Result "1/2-1/2"]
[WhiteElo "2169"]
[BlackElo "2307"]
[PlyCount "85"]
[EventDate "2017.08.12"]
[EventType "swiss"]
[EventRounds "9"]
[EventCountry "ESP"]
[SourceTitle "CBM 180 Extra"]
[Source "ChessBase"]
[SourceDate "2017.10.06"]
[SourceVersion "1"]
[SourceVersionDate "2017.10.06"]
[SourceQuality "1"]

1. e4 c5 2. Nc3 a6 3. g3 b5 4. Bg2 Bb7 5. d3 e6 6. Nge2 Nf6 7. 0-0 Qc7 8. b3 Be7 9. Bb2 Nc6 10. a4 b4 11. Nb1 0-0 12. Nd2 Rad8 13. Nf4 d6 14. Rc1 Ne8 15. Nc4 Bf6 16. Bxf6 Nxf6 17. Ne3 Nd4 18. Re1 Rde8 19. Ne2 Nd7 20. f4 f5 21. c3 bxc3 22. Rxc3 Qb8 23. Nc2 e5 24. fxe5 Nxe5 25. Ncxd4 cxd4 26. Rc1 Qd8 27. Qd2 fxe4 28. dxe4 d5 29. Qxd4 dxe4 30. Qxd8 Rxd8 31. Nf4 Rd2 32. Re2 Rxe2 33. Nxe2 Nf3+ 34. Bxf3 exf3 35. Nf4 Be4 36. Kf2 g5 37. Ne6 Rb8 38. Nxg5 Bd5 39. Rc3 Bxb3 40. a5 Bd1 41. Nxf3 Rb5 42. Ra3 Rb2+ 43. Ke3 1/2-1/2

[Event "EU-ch Seniors 65 17th"]
[Site "Sabadell"]
[Date "2017.08.13"]
[Round "2"]
[White "Van Oosten, Arend"]
[Black "Dubinsky, Alexander"]
[Result "1-0"]
[WhiteElo "2169"]
[BlackElo "1890"]
[PlyCount "55"]
[EventDate "2017.08.12"]
[EventType "swiss"]
[EventRounds "9"]
[EventCountry "ESP"]
[SourceTitle "CBM 180 Extra"]
[Source "ChessBase"]
[SourceDate "2017.10.06"]
[SourceVersion "1"]
[SourceVersionDate "2017.10.06"]
[SourceQuality "1"]

1. e4 Nc6 2. Nf3 e5 3. Bc4 Nf6 4. d3 h6 5. h3 Bc5 6. c3 Bb6 7. Bb3 d6 8. Nbd2 a6 9. Nc4 Ba7 10. 0-0 0-0 11. Re1 b5 12. Ne3 Na5 13. Bc2 Re8 14. Nh2 Nc6 15. Qf3 Ne7 16. Nhg4 Nxg4 17. hxg4 Ng6 18. Nf5 Be6 19. g3 Nf8 20. Kg2 Bxf5 21. gxf5 Qf6 22. Rh1 Nh7 23. Rh5 g5 24. Bd2 Kg7 25. Rah1 Rh8 26. Bb3 Nf8 27. Bxg5 Nh7 28. Bd2 1-0

[Event "WchT Seniors 65"]
[Site "Radebeul"]
[Date "2016.07.03"]
[Round "8.8"]
[White "Van Oosten, Arend"]
[Black "Singer, Hans"]
[Result "1/2-1/2"]
[WhiteElo "2082"]
[BlackElo "2191"]
[PlyCount "66"]
[EventDate "2016.06.26"]
[EventType "team-swiss"]
[EventRounds "9"]
[EventCountry "GER"]
[SourceTitle "CBM 173 Extra"]
[Source "ChessBase"]
[SourceDate "2016.08.29"]
[SourceVersion "1"]
[SourceVersionDate "2016.08.29"]
[SourceQuality "1"]
[WhiteTeam "Oranje"]
[BlackTeam "Austria"]
[WhiteTeamCountry "NED"]
[BlackTeamCountry "AUT"]

1. e4 c6 2. d4 d5 3. Nc3 dxe4 4. Nxe4 Nf6 5. Nxf6+ exf6 6. c3 Bd6 7. Bd3 0-0 8. Qc2 g6 9. Ne2 Re8 10. Bd2 Nd7 11. 0-0-0 Nf8 12. h4 Bg4 13. Rde1 Bxe2 14. Bxe2 Qc7 15. Bf3 Bf4 16. Bxf4 Qxf4+ 17. Qd2 Ne6 18. Qxf4 Nxf4 19. Kd2 Ne6 20. Kc2 Rad8 21. Rd1 Nc7 22. Rhe1 Re6 23. Re3 Rxe3 24. fxe3 f5 25. c4 Kf8 26. b4 Ke7 27. g3 a6 28. a4 Kd6 29. Rb1 Re8 30. Kd3 Ra8 31. Kc3 Re8 32. Kd3 Ra8 33. Kc3 Re8 1/2-1/2

[Event "WchT Seniors 65"]
[Site "Radebeul"]
[Date "2016.06.29"]
[Round "4.4"]
[White "Van Oosten, Arend"]
[Black "Freise, Eckhard"]
[Result "1-0"]
[WhiteElo "2082"]
[BlackElo "2003"]
[PlyCount "59"]
[EventDate "2016.06.26"]
[EventType "team-swiss"]
[EventRounds "9"]
[EventCountry "GER"]
[SourceTitle "CBM 173 Extra"]
[Source "ChessBase"]
[SourceDate "2016.08.29"]
[SourceVersion "1"]
[SourceVersionDate "2016.08.29"]
[SourceQuality "1"]
[WhiteTeam "Oranje"]
[BlackTeam "Eck Gunners"]
[WhiteTeamCountry "NED"]
[BlackTeamCountry "GER"]

1. e4 e5 2. Bc4 Nf6 3. d3 Bc5 4. Nf3 d6 5. c3 0-0 6. 0-0 Bb6 7. Nbd2 Nc6 8. Bb3 a6 9. Nc4 Ba7 10. Bg5 h6 11. Bh4 g5 12. Bg3 Ne7 13. Re1 b5 14. Ne3 Bb7 15. h3 Qd7 16. Kh1 Nh5 17. Bxe5 dxe5 18. Nxe5 Qd6 19. Qxh5 Qxe5 20. Ng4 Qh8 21. Nxh6+ Kg7 22. Qxg5+ Kh7 23. Nxf7 Rxf7 24. Bxf7 Qf8 25. Bd5 c6 26. Be6 Rd8 27. d4 Rd6 28. Bf5+ Nxf5 29. exf5 Rd7 30. Re6 1-0

[Event "EU-chT Seniors"]
[Site "Vienna"]
[Date "2015.07.18"]
[Round "7.7"]
[White "Bartsch, Berthold"]
[Black "Van Oosten, Arend"]
[Result "0-1"]
[WhiteElo "2316"]
[BlackElo "2145"]
[PlyCount "50"]
[EventDate "2015.07.12"]
[EventType "team-swiss"]
[EventRounds "9"]
[EventCountry "AUT"]
[SourceTitle "EXT 2018"]
[Source "ChessBase"]
[SourceDate "2017.10.13"]
[SourceVersion "1"]
[SourceVersionDate "2017.10.13"]
[SourceQuality "1"]
[WhiteTeam "Germany"]
[BlackTeam "Oranje"]
[WhiteTeamCountry "GER"]
[BlackTeamCountry "NED"]

1. Nc3 e5 2. e4 Nc6 3. Bc4 Bc5 4. Qg4 g6 5. Qg3 d6 6. d3 Nd4 7. Bb3 Be6 8. Nd5 c6 9. Ne3 Qd7 10. Bxe6 Nxe6 11. Ne2 Ne7 12. Ng4 Ng8 13. f4 f5 14. exf5 gxf5 15. Ne3 exf4 16. Nxf4 0-0-0 17. 0-0 Ne7 18. Qh3 Nxf4 19. Rxf4 Nd5 20. Rc4 f4 21. Qxd7+ Rxd7 22. d4 fxe3 23. dxc5 Re8 24. cxd6 Rxd6 25. Rh4 Nf6 0-1

[Event "EU-chT Seniors"]
[Site "Vienna"]
[Date "2015.07.15"]
[Round "4.12"]
[White "Yuksel, Mustafa"]
[Black "Van Oosten, Arend"]
[Result "1/2-1/2"]
[WhiteElo "2010"]
[BlackElo "2145"]
[PlyCount "31"]
[EventDate "2015.07.12"]
[EventType "team-swiss"]
[EventRounds "9"]
[EventCountry "AUT"]
[SourceTitle "EXT 2018"]
[Source "ChessBase"]
[SourceDate "2017.10.13"]
[SourceVersion "1"]
[SourceVersionDate "2017.10.13"]
[SourceQuality "1"]
[WhiteTeam "Turkey"]
[BlackTeam "Oranje"]
[WhiteTeamCountry "TUR"]
[BlackTeamCountry "NED"]

1. e4 e6 2. d4 d5 3. Nc3 Nf6 4. Bg5 Bb4 5. e5 h6 6. Bd2 Bxc3 7. bxc3 Ne4 8. Qg4 g6 9. Bd3 Nxd2 10. Kxd2 c5 11. Nf3 Bd7 12. h4 Bc6 13. Bxg6 fxg6 14. Qxe6+ Qe7 15. Qc8+ Qd8 16. Qe6+ 1/2-1/2

[Event "Hessen-ch Seniors op 10th"]
[Site "Bad Sooden-Allendorf"]
[Date "2014.04.27"]
[Round "2"]
[White "Kempen, Willi"]
[Black "Van Oosten, Arend"]
[Result "1/2-1/2"]
[WhiteElo "2013"]
[BlackElo "2139"]
[PlyCount "44"]
[EventDate "2014.04.26"]
[EventType "swiss"]
[EventRounds "9"]
[EventCountry "GER"]
[SourceTitle "EXT 2018"]
[Source "ChessBase"]
[SourceDate "2017.10.13"]
[SourceVersion "1"]
[SourceVersionDate "2017.10.13"]
[SourceQuality "1"]

1. e4 Nc6 2. Bb5 a6 3. Bxc6 bxc6 4. d4 g6 5. f4 Bg7 6. Nf3 d6 7. 0-0 Nf6 8. e5 Nd5 9. Nc3 Nxc3 10. bxc3 0-0 11. Qe2 a5 12. Re1 Ba6 13. Qf2 Qd7 14. Qh4 e6 15. Ng5 h6 16. Ne4 Rab8 17. Nf6+ Bxf6 18. exf6 Qd8 19. f5 Rb5 20. fxe6 fxe6 21. Rxe6 Rf5 22. Bxh6 Rh5 1/2-1/2

[Event "Hessen-ch Seniors op 09th"]
[Site "Bad Sooden-Allendorf"]
[Date "2013.04.27"]
[Round "8"]
[White "Hottes, Dieter"]
[Black "Van Oosten, Arend"]
[Result "1/2-1/2"]
[WhiteElo "2220"]
[BlackElo "2180"]
[PlyCount "55"]
[EventDate "2013.04.20"]
[EventType "swiss"]
[EventRounds "9"]
[EventCountry "GER"]
[SourceTitle "EXT 2019"]
[Source "ChessBase"]
[SourceDate "2018.10.10"]
[SourceVersion "1"]
[SourceVersionDate "2018.10.10"]
[SourceQuality "1"]

1. d4 Nc6 2. Nf3 d5 3. e3 Bg4 4. c4 e6 5. Nc3 Nf6 6. Be2 Be7 7. 0-0 0-0 8. b3 Re8 9. Bb2 Bf8 10. Rc1 Ne7 11. Ne5 Bxe2 12. Qxe2 Nd7 13. Rfe1 c6 14. e4 Ng6 15. Nf3 a6 16. g3 Qa5 17. Kg2 dxe4 18. Qxe4 Nf6 19. Qc2 Qh5 20. Ne4 Nxe4 21. Qxe4 Rad8 22. Ne5 Nxe5 23. Qxe5 Qxe5 24. dxe5 Bc5 25. f4 Kf8 26. Kf3 h5 27. Ke4 Ke7 28. h3 1/2-1/2

[Event "Hessen-ch Seniors op 09th"]
[Site "Bad Sooden-Allendorf"]
[Date "2013.04.22"]
[Round "3"]
[White "Van Oosten, Arend"]
[Black "Haase, Wolfgang"]
[Result "1/2-1/2"]
[WhiteElo "2180"]
[BlackElo "2119"]
[PlyCount "63"]
[EventDate "2013.04.20"]
[EventType "swiss"]
[EventRounds "9"]
[EventCountry "GER"]
[SourceTitle "EXT 2019"]
[Source "ChessBase"]
[SourceDate "2018.10.10"]
[SourceVersion "1"]
[SourceVersionDate "2018.10.10"]
[SourceQuality "1"]

1. e4 c5 2. Nc3 Nc6 3. g3 g6 4. Bg2 Bg7 5. d3 d6 6. Be3 Nd4 7. Qd2 e6 8. Nd1 Ne7 9. c3 Ndc6 10. Bh6 Kf8 11. Bxg7+ Kxg7 12. Ne3 d5 13. exd5 exd5 14. d4 cxd4 15. cxd4 Re8 16. Ne2 Nf5 17. Nxf5+ Bxf5 18. 0-0 Qd6 19. Nc3 Be6 20. a3 a6 21. b4 Ne7 22. Ne2 Rac8 23. Rac1 Rxc1 24. Rxc1 Rc8 25. Rxc8 Bxc8 26. Qc3 b6 27. h4 Bd7 28. Nf4 Bb5 29. Nd3 Qc6 30. Qxc6 Nxc6 31. Nf4 Nxd4 32. Nxd5 1/2-1/2

[Event "EU-ch Seniors 11th"]
[Site "Courmayeur"]
[Date "2011.04.10"]
[Round "5"]
[White "Van Oosten, Arend"]
[Black "Weisenburger, Horst"]
[Result "1/2-1/2"]
[WhiteElo "2170"]
[BlackElo "2179"]
[PlyCount "36"]
[EventDate "2011.04.06"]
[EventType "swiss"]
[EventRounds "9"]
[EventCountry "ITA"]
[SourceTitle "CBM 141 Extra"]
[Source "ChessBase"]
[SourceDate "2011.05.03"]
[SourceVersion "1"]
[SourceVersionDate "2011.05.03"]
[SourceQuality "1"]

1. e4 d5 2. exd5 Qxd5 3. d4 e5 4. dxe5 Qxd1+ 5. Kxd1 Nc6 6. Bf4 Bc5 7. Bg3 Bd4 8. Nc3 Bxe5 9. Nf3 Bg4 10. Be2 0-0-0+ 11. Kc1 Bxg3 12. hxg3 Nf6 13. b3 Rhe8 14. Kb2 Bxf3 15. Bxf3 Rd2 16. Bxc6 bxc6 17. Raf1 h6 18. Kc1 Red8 1/2-1/2

[Event "EU-chT Seniors 12th"]
[Site "Dresden"]
[Date "2010.02.18"]
[Round "9"]
[White "Van Oosten, Arend"]
[Black "Jorgensen, Jorgen"]
[Result "1/2-1/2"]
[WhiteElo "2141"]
[BlackElo "2340"]
[PlyCount "98"]
[EventDate "2010.02.10"]
[EventType "team-swiss"]
[EventRounds "9"]
[EventCountry "GER"]
[SourceTitle "CBM 134 Extra"]
[Source "ChessBase"]
[SourceDate "2010.03.03"]
[SourceVersion "1"]
[SourceVersionDate "2010.03.03"]
[SourceQuality "1"]
[WhiteTeam "Oranje (Seniors)"]
[BlackTeam "Denmark (Seniors)"]
[WhiteTeamCountry "NED"]
[BlackTeamCountry "DEN"]

1. e4 c6 2. d4 d5 3. exd5 cxd5 4. Bd3 Nc6 5. c3 Nf6 6. Bf4 g6 7. Nf3 Bg7 8. 0-0 0-0 9. Qc1 Bg4 10. Ne5 Nxe5 11. Bxe5 Qd7 12. Na3 Bf5 13. Bxf5 Qxf5 14. Qc2 Qd7 15. Qe2 Rac8 16. Nc2 Rc6 17. Rae1 Re6 18. Qd3 Rb6 19. Bxf6 Bxf6 20. b3 Rc8 21. Ne3 Rbc6 22. Nd1 a6 23. f4 b5 24. b4 Qa7 25. Kh1 Rc4 26. f5 a5 27. fxg6 hxg6 28. a3 axb4 29. axb4 Kg7 30. Qf3 Qd7 31. h3 Rh8 32. Ne3 Rxc3 33. Nf5+ Qxf5 34. Qxc3 Qd7 35. Qf3 Qd6 36. Rd1 Rc8 37. Rd3 Rc2 38. Rc3 Rd2 39. Rc5 Rxd4 40. Rxb5 Qd7 41. Rb8 Qc7 42. Rb5 Qc4 43. Rb6 Rd3 44. Qf2 Qc3 45. b5 Rxh3+ 46. gxh3 Qxh3+ 47. Kg1 Qg4+ 48. Kh1 Qh3+ 49. Kg1 Qg4+ 1/2-1/2

[Event "EU-ch Seniors 07th"]
[Site "Hockenheim"]
[Date "2007.06.08"]
[Round "7"]
[White "Eidelmann, Vova"]
[Black "Van Oosten, Arend"]
[Result "1/2-1/2"]
[WhiteElo "2047"]
[BlackElo "2155"]
[PlyCount "66"]
[EventDate "2007.06.02"]
[EventType "swiss"]
[EventRounds "9"]
[EventCountry "GER"]
[SourceTitle "CBM 118 Extra"]
[Source "ChessBase"]
[SourceDate "2007.07.04"]
[SourceVersion "1"]
[SourceVersionDate "2007.07.04"]
[SourceQuality "1"]

1. d4 e6 2. Nf3 f5 3. g3 Nf6 4. Bg2 d5 5. Nbd2 Bd6 6. 0-0 Nbd7 7. c4 c6 8. b3 Ne4 9. Bb2 0-0 10. Ne1 Nxd2 11. Qxd2 Nf6 12. f3 Qe7 13. Nd3 Bd7 14. Ne5 Be8 15. Rae1 Rd8 16. c5 Bc7 17. b4 Nd7 18. Nd3 e5 19. dxe5 Nxe5 20. Bd4 Nc4 21. Qc1 Bf7 22. Qc3 Be6 23. e4 fxe4 24. fxe4 Rxf1+ 25. Bxf1 Qf7 26. e5 Rf8 27. Nf4 g5 28. Nxe6 Qxe6 29. Bxc4 dxc4 30. Rc1 Re8 31. Qxc4 Qxc4 32. Rxc4 Bxe5 33. Bxe5 Rxe5 1/2-1/2

[Event "EU-ch Seniors 07th"]
[Site "Hockenheim"]
[Date "2007.06.06"]
[Round "5"]
[White "Fatalibekova, Elena"]
[Black "Van Oosten, Arend"]
[Result "1/2-1/2"]
[WhiteElo "2273"]
[BlackElo "2155"]
[PlyCount "93"]
[EventDate "2007.06.02"]
[EventType "swiss"]
[EventRounds "9"]
[EventCountry "GER"]
[SourceTitle "CBM 118 Extra"]
[Source "ChessBase"]
[SourceDate "2007.07.04"]
[SourceVersion "1"]
[SourceVersionDate "2007.07.04"]
[SourceQuality "1"]

1. d4 d5 2. Nf3 e6 3. e3 f5 4. b3 Nf6 5. Bb2 Bd6 6. Ne5 0-0 7. Nd2 Qe7 8. a3 Bd7 9. Bd3 Be8 10. 0-0 Nbd7 11. f3 Bh5 12. Qe1 c5 13. c4 Rae8 14. Qh4 Bf7 15. g4 cxd4 16. exd4 Nxe5 17. dxe5 Nd7 18. Qxe7 Bxe7 19. gxf5 exf5 20. f4 dxc4 21. Bxc4 Bxc4 22. Nxc4 b5 23. Na5 Bc5+ 24. Kg2 Bb6 25. Nb7 Nc5 26. Nxc5 Bxc5 27. Rac1 Bb6 28. Rfd1 Rd8 29. Kf3 Rxd1 30. Rxd1 Rd8 31. Rxd8+ Bxd8 32. Bd4 a6 33. Bc5 Kf7 34. Ke3 Ke6 35. Kd4 h6 36. Bf8 Bb6+ 37. Kd3 Kf7 38. Bb4 g5 39. fxg5 hxg5 40. h3 Ke6 41. Bd2 g4 42. hxg4 fxg4 43. Ke4 Bf2 44. Bc3 g3 45. Kf3 Kd5 46. a4 bxa4 47. bxa4 1/2-1/2

[Event "EU-ch Seniors 07th"]
[Site "Hockenheim"]
[Date "2007.06.03"]
[Round "2"]
[White "Gruzmann, Boris"]
[Black "Van Oosten, Arend"]
[Result "1-0"]
[WhiteElo "2309"]
[BlackElo "2155"]
[PlyCount "53"]
[EventDate "2007.06.02"]
[EventType "swiss"]
[EventRounds "9"]
[EventCountry "GER"]
[SourceTitle "CBM 118 Extra"]
[Source "ChessBase"]
[SourceDate "2007.07.04"]
[SourceVersion "1"]
[SourceVersionDate "2007.07.04"]
[SourceQuality "1"]

1. e4 e6 2. d4 d5 3. e5 c5 4. c3 Nc6 5. Nf3 Bd7 6. a3 f6 7. Bd3 c4 8. Bc2 f5 9. 0-0 Be7 10. a4 h6 11. b3 cxb3 12. Bxb3 Na5 13. Ba2 Rc8 14. Nfd2 g5 15. Re1 Kf8 16. Bb2 Qe8 17. Qf3 g4 18. Qd3 b5 19. Bxd5 bxa4 20. Qa6 exd5 21. Qxa5 Bc6 22. c4 Qd8 23. Qxd8+ Rxd8 24. cxd5 Rxd5 25. Rc1 Bd7 26. Rc4 Rb5 27. Bc3 1-0